Clearingové finále. A čo ďalej?

Rozhovor o aktuálnych otázkach platobných vzťahov medzi ČR a SR s viceguvernérom NBS M. Juskom. Problém vypovedania platobnej dohody. Tri alternatívy platobných vzťahov medzi Českom a Slovenskom. Clearingové vzťahy garantované jednotlivými bankami.

Salvato in:
Dettagli Bibliografici
Autore principale: Jusko, Marián
Altri autori: Puchovský, J.
Natura: Capitolo di libro
Lingua:slovacco
Soggetti:
Tags: Aggiungi Tag
Nessun Tag, puoi essere il primo ad aggiungerne!!

MARC

LEADER 00000naa a2200000 4500
001 r017698
005 20221213095627.7
041 0 |a slo 
044 |a SK 
245 1 0 |a Clearingové finále. A čo ďalej?  |c Marián Jusko, J. Puchovský 
520 |a Rozhovor o aktuálnych otázkach platobných vzťahov medzi ČR a SR s viceguvernérom NBS M. Juskom. Problém vypovedania platobnej dohody. Tri alternatívy platobných vzťahov medzi Českom a Slovenskom. Clearingové vzťahy garantované jednotlivými bankami. 
610 2 0 |a klíring 
610 2 0 |a Česko 
610 2 0 |a Slovensko 
610 2 0 |a revalvácia 
610 2 0 |a NBS Bratislava 
610 2 0 |a Medzinárodný menový fond 
610 2 0 |a styk platobný 
100 1 |a Jusko, Marián 
700 1 |a Puchovský, J.